00593 2200217 4500001002100000005001500021035002000036007000300056008004100059020001800100082000800118084001400126100002400140245006900164250001000233260003800243300003000281650001600311520003000327990001800357INLIS00000000000302220190119105339 a0010-0119000374ta190119 g 0 ind  a979-518-947-6 a301 a301 ABD a0 aABDURRAHMAT,Fathoni1 aAntropologi Sosial Budaya Suatu Pengantar /cABDURRAHMAT,Fathoni acet.1 aJakarta :bPT Rineka Cipta,c2006 a107 hlm ;c14,5 x 20,5 cm aAntropologi aBIBLIOGRAFI: hlm 107 -108 a10081 15666 C